书目信息 |
| 题名: |
魅力公关美语
|
|
| 作者: | 苏雅敏 , 怀特, , Jane White 著 | |
| 分册: | ||
| 出版信息: | 北京 机械工业出版社 2003.02 |
|
| 页数: | 224页 | |
| 开本: | 17cm | |
| 丛书名: | 美语商务通系列 | |
| 单 册: | ||
| 中图分类: | H319.9 | |
| 科图分类: | ||
| 主题词: | 公共关系学--gong gong guan xi xue--美国--英语--口语 | |
| 电子资源: | ||
| ISBN: | 7-111-11430-2 | |
| 000 | 01050nam 2200289 45 | |
| 001 | 012006454627 | |
| 005 | 20060315155244.50 | |
| 010 | @a7-111-11430-2@dCNY13.00 | |
| 100 | @a20060313d2003 km y0chiy0120 ea | |
| 101 | 0 | @achi@aeng |
| 102 | @aCN@b110000 | |
| 105 | @aa z 000yy | |
| 200 | 1 | @a魅力公关美语@Amei li gong guan mei yu@d= English public relations@f苏雅敏, Jane White著@Fsu ya min,Jane White zhu@zeng |
| 210 | @a北京@c机械工业出版社@d2003.02 | |
| 215 | @a224页@c图@d17cm | |
| 225 | 2 | @a美语商务通系列@Amei yu shang wu tong xi lie |
| 314 | @a责任者规范汉译姓:怀特 | |
| 330 | @a本书包括公关必备单词、好公关必背口头语、公关英语的特殊用语、国际社交人士常用对话句型等内容。 | |
| 410 | 0 | @12001 @a美语商务通系列 |
| 510 | 1 | @aEnglish public relations@zeng |
| 606 | 0 | @a公共关系学@Agong gong guan xi xue@y美国@x英语@x口语 |
| 690 | @aH319.9@v4 | |
| 701 | 0 | @a苏雅敏@Asu ya min@4著 |
| 701 | 1 | @a怀特,@Ahuai te,@bJ.@g(White, Jane)@4著 |
| 701 | 0 | @aJane White@4著 |
| 801 | 0 | @aCN@bQSSK@c20060315 |
| 905 | @a10447@dH319.9@eS860 | |
| 魅力公关美语= English public relations/苏雅敏, Jane White著.-北京:机械工业出版社,2003.02 |
| 224页:图;17cm.-(美语商务通系列) |
| ISBN 7-111-11430-2:CNY13.00 |
| 本书包括公关必备单词、好公关必背口头语、公关英语的特殊用语、国际社交人士常用对话句型等内容。 |
| ● |
| 相关链接 |
|
|
|
正题名:魅力公关美语
索取号:H319.9/S860
 
预约/预借
| 序号 | 登录号 | 条形码 | 馆藏地/架位号 | 状态 | 备注 |
| 1 | 556147 | 205561471 | 语言库209/209语言库 107排2列6层/ [索取号:H319.9/S860] | 在馆 | |
| 2 | 556148 | 205561480 | 语言库209/209语言库 107排2列6层/ [索取号:H319.9/S860] | 在馆 | |
| 3 | 556149 | 205561499 | 语言库209/209语言库 107排2列6层/ [索取号:H319.9/S860] | 在馆 | |
| 4 | 556150 | 205561505 | 语言库209/209语言库 107排2列6层/ [索取号:H319.9/S860] | 在馆 | |
| 5 | 556151 | 205561514 | 语言库209/209语言库 107排2列6层/ [索取号:H319.9/S860] | 在馆 |